000 00182nam a22000737a 4500
999 _c23580
_d23580
003 Nust
005 20170526164019.0
008 131218b xxu||||| |||| 00| 0 eng d
020 _cAvilable
040 _aDLC
_bDLC
_cRCMS
082 _23rd,ed.
_a300.72 BAK
100 _aBakes,Therese
_91473
245 _aDoing Social Research
260 _aIslamabad
_bNational Book Foundation
300 _axxiii,528,p:
_bill:
_c25,cm.
538 _iShelf # 13, Row # 3, Fiction.
650 _aDoing Social Research
_91474
856 _uTable of Content Only
942 _2ddc
_cFIC